00317pab a2200121 454500008004000000100002100040245006300061260000900124300001400133362001200147650001000159773002600169180718b2010 xxu||||| |||| 00| 0 eng d aMoon, E. Pendral aCriminal administration in the non-tribal areas of Manipur c2010 ap.98-100. aOct-Dec aCrime aIndian Police Journal